000 01784cam a22004454i 4500
003 PE-LiUPU
005 20250731172931.0
008 s1960 xxu gr 000 0 eng d
035 _a(Sirsi) a204404
040 _aPE-LiUPU
_bspa
_cPE-LiUPU
_erda
049 _aPRUA
082 0 4 _a282
_bB61
_221
100 1 _aBlanshard, Paul,
_eautor.
245 1 0 _aAmerican freedom and catholic power /
_cPaul Blanshard.
264 1 _aBoston :
_bBeacon press,
_c1960.
300 _a402 páginas ;
_c20 centímetros.
336 _atext
_2rdacontent
337 _aunmediated
_2rdamedia
338 _avolume
_2rdacarrier
505 2 _aPersonal prologue: The duty to speak -- How the hierarchy works -- Church, State, and democracy -- Education and the catholic mind -- Public schools and medicine -- Sex, birth control, and annulment -- Censorship and boycott -- Science, scholarship, and superstition -- Fascism, Communism, and labor -- The catholic plan for América -- Tolerance, Appeasement, and freedom .. Calendar of significant events.
526 _aSEG42
526 _aSEG41
526 _aSEG40
526 _aSEG39
526 _aP94
526 _aP87
526 _aP86
526 _aP85
526 _aP77
526 _aP76
526 _aP35
650 1 4 _aIglesia católica
_xLiteratura polémica
_xAutores protestantes.
650 2 4 _aIglesia católica
_zEstados Unidos.
650 2 4 _aIglesia y Estado
_zEstados Unidos.
942 _2ddc
_cBOOK
994 _aC0
_bPEPRU
596 _a1
999 _a282 B61
_wLC
_c20765
_i76264
_f2021-11-11
_g4
_lCCODEBUL1
_mBUL
_p10.00
_r0
_sY
_tBOOK
_u2017-6-15
_xTEOLOGIA
_PP85
_0DONACION
_o.STAFF. Colección Teología
_d20765
980 _81
_gALBERTO SANCHEZ Responsable de Automatización